Countries with the most Fula people - Statistics

General Stats
  • This quiz has been taken 24 times
  • The average score is 16 of 18
Answer Stats
# People
% Country % Correct
1,867,829 13.3 Mali
100%
1,534,375 6.5 Niger
100%
13,167,832 6 Nigeria
100%
4,928,835 27.5 Senegal
100%
313,454 1.8 Chad
96%
4,600 0.002 Ghana
96%
4,301,217 33.4 Guinea
96%
3,900,000 13.9 Cameroon
91%
563,213 28.5 Guinea-Bissau
91%
3,800 0.02 Ivory Coast
91%
900,000 20.9 Mauritania
91%
860,752 8.6 Benin
87%
420,206 24.1 Gambia
87%
266,581 3.8 Sierra Leone
87%
1,796,143 8.4 Burkina Faso
83%
300,000 0.7 Sudan
83%
250,000 5 Central African Republic
78%
4,000 0.02 South Sudan
78%
No matching quizzes found
Score Distribution
Percent of People with Each Score
Percentile by Number Answered
Your Score History
You have not taken this quiz